Vista normal Vista MARC

Entrada Topical Term

Número de registros utilizados en: 1

001 - CONTROL NUMBER

  • control field: 39368

003 - CONTROL NUMBER IDENTIFIER

  • control field: OSt

005 - DATE AND TIME OF LATEST TRANSACTION

  • control field: 20210813114011.0

008 - FIXED-LENGTH DATA ELEMENTS

  • fixed length control field: 210813|| aca||aabn | a|a d

040 ## - CATALOGING SOURCE

  • Original cataloging agency: OSt
  • Transcribing agency: OSt

150 ## - HEADING--TOPICAL TERM

  • Topical term or geographic name entry element: Modelos matemáticos
  • General subdivision: Valoración
  • General subdivision: Inversiones

670 ## - SOURCE DATA FOUND

  • Source citation: Work cat.: (OSt)8299: Friedl, Gunther, 16884 autor, Real options and investment incentives /, 2007